000 00458nmm a2200157Ia 4500
008 251105s9999||||xx |||||||||||||||||und||
020 _a9788431550981
041 _aspa
100 _aEger, Kirsten
245 0 _aAprende y mejora rápidamente el alemán
264 _a[Madrid, España] :
_bDe Vecchi,
_c2000
300 _a0 páginas
650 _aGermanic literature and language
856 _uhttps://public.digitaliapublishing.com/a/31223
942 _cCF
999 _c81631
_d81631